| 000 | 00534nam a2200205Ia 4500 | ||
|---|---|---|---|
| 008 | 131103s9999 xx 000 0 und d | ||
| 020 | _a0 7214 0832 X | ||
| 040 | _aLoreto College | ||
| 041 | _aEnglish | ||
| 082 |
_aREF1/MUR _bLCBED/9531 |
||
| 100 | _aMurtagh, Terence | ||
| 245 |
_aSpace _cTerence Murtagh |
||
| 260 |
_aLoughborough _bLadybird Books _c[19?] |
||
| 300 |
_a52p. _c 18 cm. |
||
| 440 | _aAchievements series; No.9 | ||
| 504 | _aIncludes index | ||
| 650 | _aFiction in English | ||
| 850 | _aLCLIB | ||
| 942 | _cBK | ||
| 999 |
_c33210 _d83689 |
||